00673nam a2200229 a 4500001001300000003000900013005001700022008004100039020002500080082001500105100002200120245004400142260003300186300000900219500003500228505001300263650002100276902000800297942000700305952011600312999001500428nice12345678IN_TiNIC20260116013148.0050524s1994 newa grp 000 0 eng  a0883440 c857.500a241.6bSTI aStivers, Robert L aChristian Ethicsb Case Method Approach aNew YorkbOrbis Books c1994 a298p aincludes index and biblioraphy2 aAppendix aChristian-Ethics bSRS cBK 001040708StackRoom-aHMIbHMId2007-06-29g857.50l0o241.6 STIp017169r2007-06-29v857.50w2005-05-24yBK c9925d9925